Name the Actor - Picture Quiz - Statistics

General Stats
  • This quiz has been taken 1,473 times
  • The average score is 12 of 20
Answer Stats
Picture Answer % Correct
Leonardo DiCaprio
86%
Chris Hemsworth
83%
Tom Cruise
83%
Ben Affleck
80%
Tom Hanks
80%
Jake Gyllenhaal
79%
Ryan Gosling
79%
Matt Damon
76%
Jamie Foxx
72%
Christian Bale
67%
Idris Elba
67%
Matthew McConaughey
62%
Tom Hardy
62%
Jeremy Renner
59%
Henry Cavill
54%
Joseph Gordon-Levitt
43%
Michael Fassbender
43%
Oscar Isaac
41%
Chiwetel Ejiofor
17%
Joel Edgerton
13%
No matching quizzes found
Score Distribution
Percent of People with Each Score
Percentile by Number Answered
Your Score History
You have not taken this quiz